Tilastot visalle Afrikan itärannikon valtiot

Klikkaa tästä pelataksesi tätä visaa!

Yleistilastot

  • Tätä visaa on pelattu 753 kertaa
  • Keskiarvotulos 8 / 9

Vastaukset kartalla

Vastauksille on annettu kartalla punavihreä väri sen mukaan, kuinka moni on saanut sen oikein.
 

Vastaustilastot

Valtio% Oikein
Egypti
100%
Sudan
94%
Eritrea
88%
Somalia
88%
Kenia
85%
Etelä-Afrikka
84%
Tansania
84%
Djibouti
83%
Mosambik
82%

Tulosjakauma

Persentiili vastausten määrän mukaan

Jokaisen tuloksen saaneiden osuus

Tuloshistoriasi

Et ole pelannut tätä visaa